Imogen! Imogen Cunningham photographs, 1910-1973 /

Bibliographic Details
Main Author: Cunningham, Imogen, 1883-1976
Corporate Author: Henry Art Gallery
Format: Book
Language:English
Published: Seattle : Published for the Henry Art Gallery by the University of Washington Press, [1974]
Series:Index of art in the Pacific Northwest ; 7.
Subjects:

MARC

Tag First Indicator Second Indicator Subfields
LEADER 00000pam a2200000 4500
001 in00000094685
005 20150927110526.0
008 740220s1974 waua bc 00010beng
010 |a  74002490  
020 |a 0295953322 
020 |a 0295953330 (pbk.) 
035 |a (OCoLC)00828338 
035 |9 AAL6556AM 
037 |c $15.00 
040 |a DLC  |c DLC  |d TXA  |d UtOrBLW 
049 |a TXAM  |c [1133517] 
050 0 0 |a TR647.C8  |b H45 
082 0 |a 779/.092/4 
100 1 |a Cunningham, Imogen,  |d 1883-1976. 
245 1 0 |a Imogen! Imogen Cunningham photographs, 1910-1973 /  |c Introd. by Margery Mann. 
264 1 |a Seattle :  |b Published for the Henry Art Gallery by the University of Washington Press,  |c [1974] 
300 |a 110 pages :  |b illustrations ;  |c 29 cm. 
336 |a text  |b txt  |2 rdacontent 
337 |a unmediated  |b n  |2 rdamedia 
338 |a volume  |b nc  |2 rdacarrier 
490 1 |a Index of art in the Pacific Northwest ;  |v no. 7 
500 |a "Published in connection with an exhibition shown at the Henry Art Gallery, University of Washington, March 23-April 21, 1974." 
504 |a Bibliography: pages 109-110. 
600 1 0 |a Cunningham, Imogen,  |d 1883-1976. 
650 0 |a Photography, Artistic  |v Exhibitions. 
710 2 |a Henry Art Gallery. 
830 0 |a Index of art in the Pacific Northwest ;  |v 7. 
999 |a MARS 
999 f f |s e48b6b54-05fb-337d-b87b-c4322a22a485  |i acab33e7-06ea-3bde-9554-4f461fbc086c  |t 0 
952 f f |p ric  |a Texas A&M University  |b Rellis Campus  |c Joint Library Facility  |d Remote Storage  |t 0  |e TR647.C8 H45  |h Library of Congress classification  |i unmediated -- volume  |m A14805628135 
998 f f |a TR647.C8 H45  |t 0  |l Remote Storage